| 000 -LEADER |
| fixed length control field |
00874nam a2200253 i 4500 |
| 001 - CONTROL NUMBER |
| control field |
20591 |
| 003 - CONTROL NUMBER IDENTIFIER |
| control field |
BD-DhUAP |
| 005 - DATE AND TIME OF LATEST TRANSACTION |
| control field |
20210103110439.0 |
| 008 - FIXED-LENGTH DATA ELEMENTS--GENERAL INFORMATION |
| fixed length control field |
201228t2016 maua b 001 0 eng |
| 010 ## - LIBRARY OF CONGRESS CONTROL NUMBER |
| LC control number |
2016022992 |
| 020 ## - INTERNATIONAL STANDARD BOOK NUMBER |
| International Standard Book Number |
9780262035613 (hardcover : alk. paper) |
| 040 ## - CATALOGING SOURCE |
| Original cataloging agency |
DLC |
| Language of cataloging |
eng |
| Transcribing agency |
DLC |
| Description conventions |
rda |
| Modifying agency |
DLC |
| -- |
BD-DhUAP |
| 082 00 - DEWEY DECIMAL CLASSIFICATION NUMBER |
| Classification number |
006.31 GOO |
| Edition number |
23 |
| 100 1# - MAIN ENTRY--PERSONAL NAME |
| Personal name |
Goodfellow, Ian. |
| 9 (RLIN) |
24830 |
| 245 10 - TITLE STATEMENT |
| Title |
Deep learning / |
| Statement of responsibility, etc. |
Ian Goodfellow, Yoshua Bengio and Aaron Courville. |
| 260 ## - PUBLICATION, DISTRIBUTION, ETC. |
| Place of publication, distribution, etc. |
Cambridge, Massachusetts : |
| Name of publisher, distributor, etc. |
The MIT Press, |
| Date of publication, distribution, etc. |
c2016. |
| 300 ## - PHYSICAL DESCRIPTION |
| Extent |
xxii, 775 pages : |
| Other physical details |
illustrations ; |
| Dimensions |
24 cm. |
| 490 0# - SERIES STATEMENT |
| Series statement |
Adaptive computation and machine learning. |
| 504 ## - BIBLIOGRAPHY, ETC. NOTE |
| Bibliography, etc. note |
Includes bibliographical references (pages [711]-766) and index. |
| 650 #0 - SUBJECT ADDED ENTRY--TOPICAL TERM |
| Topical term or geographic name entry element |
Machine learning, |
| 9 (RLIN) |
24831 |
| 700 1# - ADDED ENTRY--PERSONAL NAME |
| Personal name |
Bengio, Yoshua. |
| 9 (RLIN) |
24832 |
| 700 1# - ADDED ENTRY--PERSONAL NAME |
| Personal name |
Courville, Aaron. |
| 9 (RLIN) |
24833 |
| 942 ## - ADDED ENTRY ELEMENTS (KOHA) |
| Source of classification or shelving scheme |
|
| Koha item type |
Book |